| 000 | 00347 a2200109 4500 | ||
|---|---|---|---|
| 001 | ART_28125 | ||
| 005 | 20260410161951.0 | ||
| 008 | 260409a | ||
| 245 | 1 | 0 | _aInterest rate volatility, contagion and convergence |
| 100 | 1 | _aEdwards, Sebastián | |
| 773 | 0 |
_tJournal of applied economics _g- Vol. 1, Nº 1 (nov. 1998) _wREV28044 |
|
| 999 |
_c30372 _d30372 |
||